| 000 | 00931nam a2200265 a 4500 | ||
|---|---|---|---|
| 001 | 000038386 | ||
| 003 | DO-SdBNP | ||
| 005 | 20240925135727.0 | ||
| 008 | 090821s2008 dr ac 000 0bspa d | ||
| 040 |
_aDO-SdBNP _bspa _cBNPHU |
||
| 049 | _aBNPD | ||
| 082 |
_a923.5 _bM779F, 2008 |
||
| 100 | 1 |
_aFrías, Salomé _916020 |
|
| 245 | 1 | 0 |
_aComandante Montes Arache : _bel hombre rana / _cSalomé Frías. |
| 250 | _a2ª. ed. | ||
| 260 |
_aSanto Domingo : _bColegio Dominicano de Periodistas, _c2008. _fKarabú |
||
| 300 |
_a186 p. : _bil., retrs. ; _c23 cm. |
||
| 600 | 1 | 4 |
_aMontes Arache, Manuel Ramón, _d1926-2009 _916021 |
| 650 | 4 |
_aBuceadores _916022 |
|
| 650 | 4 |
_aMarina de guerra _xHistoria _zRepública Dominicana _916023 |
|
| 650 | 4 |
_aMarinos _xHistoria _zRepública Dominicana _916024 |
|
| 651 | 4 |
_aRepública Dominicana _xHistoria _yREVOLUCIÓN, 1965 _92167 |
|
| 910 | _aValidado. Control de calidad EMS | ||
| 942 |
_2ddc _cLBS1 |
||
| 999 |
_c37876 _d37876 |
||